000 01191nam a2200313 a 4500
001 ebr10670977
003 CaPaEBR
006 m u
007 cr cn|||||||||
008 130318s2010 nyua sb 001 0 eng d
010 _z 2009037474
020 _z9781608760732
020 _z9781613243220 (e-book)
040 _aCaPaEBR
_cCaPaEBR
035 _a(OCoLC)830627774
050 1 4 _aHD49
_b.H6 2010eb
082 0 4 _a658.4/056
_223
100 1 _aHo, Chien-Ta Bruce.
245 1 0 _aCrisis decision making
_h[electronic resource] /
_cChien-Ta Bruce Ho ... [et al.].
260 _aNew York :
_bNova Science Publishers, Inc.,
_c2010.
300 _a236 p. :
_bill.
504 _aIncludes bibliographical references and index.
533 _aElectronic reproduction.
_bPalo Alto, Calif. :
_cebrary,
_d2013.
_nAvailable via World Wide Web.
_nAccess may be limited to ebrary affiliated libraries.
650 0 _aCrisis management.
650 0 _aCrisis management
_xDecision making.
655 7 _aElectronic books.
_2local
710 2 _aebrary, Inc.
856 4 0 _uhttp://site.ebrary.com/lib/rucke/Doc?id=10670977
_zAn electronic book accessible through the World Wide Web; click to view
999 _c161950
_d161950